Statistiques concernant Générique Bob l'éponge - Paroles

Cliquez ici pour prendre le quiz!

Statistiques générales

  • Ce quiz a été pris 640 fois
  • Le résultat moyen est 15 sur 18

Statistiques - réponses

Paroles% Correct
{Bob} l'éponge carrée !
99%
Bob {l}'{éponge} carrée
98%
J'ai pas {entendu} !
97%
Oui {Capitaine} !
97%
Qui vit dans {un} {ananas} dans la mer ?
97%
Oui {Capitaine} !
96%
Prêts les {enfants} ?
95%
Bob l'éponge {carrée}
92%
{Bob} l'éponge carrée !
84%
Bob {l}'{éponge} carrée
84%
Bob {l}'{éponge} {carrée}
83%
Bob l'éponge {carrée}
83%
{Bob} {l}'{éponge} caaaaaaaarréééééééééééééé
82%
Qui compte bien y {faire} {carrière} ?
82%
{Oooooooooooooooooooooh...}
77%
Qui a pas peur des {gros} {méchants} {poissons} ?
44%
Si vous avez {un} {souhait} qui faut-il appeler ?
37%
Wooohohoho {oh} {oh}...
36%

Distribution des résultats

Percentile par nombre de réponses

% des personnes avec chaque résultat

Votre développement - résultats

Vous n’avez pas pris ce quiz